Państwa w ich ojczystym języku - Statystyki

Ogólne statystyki
  • Ten quiz został rozwiązany 26 451 razy
  • Średni wynik to 16 z 24
Statystyki odpowiedzi
Ojczysty Polski % Poprawnych
Deutschland Niemcy
99%
España Hiszpania
96%
Italia Włochy
96%
Ísland Islandia
95%
United Kingdom Wielka Brytania
95%
Nederland  Holandia
94%
Česká Republika Czechy
93%
Schweiz Szwajcaria
90%
Österreich Austria
84%
Mongol Uls Mongolia
84%
Civitas Vaticana Watykan
80%
Hrvatska Chorwacja
74%
Kypros Cypr
72%
Norge Norwegia
68%
Hellas Grecja
66%
Ityop'ia Etiopia
62%
Magyarország Węgry
61%
Suomi Finlandia
42%
Kampuchea Kambodża
36%
Éire Irlandia
32%
Nihon Japonia
29%
Al-Jazā'ir Algieria
19%
Miṣr Egipt
10%
Aotearoa Nowa Zelandia
10%
Nie znaleziono quizów pasujących do podanych kryteriów
Rozkład punktacji
Procent ludzi z każdym wynikiem
Percentyl według liczby udzielonych odpowiedzi
Twoja historia wyników
Nie rozwiązałeś tego quizu